000 00202nam a2200097Ia 4500
008 190216s9999||||xx |||||||||||||| ||und||
100 _aHameed M K
245 0 _aBuloogul Maram
260 _bNull
942 _cBK
999 _c206
_d206